|
|
|
|
| LEADER |
00000nrm a22000007a 4500 |
| 001 |
025810 |
| 003 |
UAHC_CL |
| 005 |
20240906152112.0 |
| 008 |
240906b cl 000 b|spa |
| 040 |
|
|
|a UAHC_CL
|c UAHC_CL
|d UAHC_CL
|
| 245 |
1 |
0 |
|a Cable Jack
|
| 300 |
|
|
|a 1 cable
|
| 900 |
|
|
|a CABLE JACK
|
| 942 |
|
|
|c DELEC
|2 ddc
|
| 952 |
|
|
|0 0
|1 0
|4 0
|6 CABLE_JACK
|7 0
|9 99929
|a BS
|b BS
|c Referencia
|d 2024-09-06
|e Compra
|l 390
|m 1
|o CABLE JACK
|p 6155
|r 2026-05-04 14:48:26
|s 2026-05-04
|t 1
|w 2024-09-06
|y DELEC
|
| 952 |
|
|
|0 0
|1 0
|4 0
|6 CABLE_JACK
|7 0
|9 99930
|a BS
|b BS
|c Referencia
|d 2024-09-06
|e Compra
|l 218
|m 1
|o CABLE JACK
|p 6156
|r 2026-04-28 17:37:22
|s 2026-04-28
|t 2
|w 2024-09-06
|y DELEC
|
| 952 |
|
|
|0 0
|1 0
|4 0
|6 CABLE_JACK
|7 0
|9 99931
|a BS
|b BS
|c Referencia
|d 2024-09-06
|e Compra
|l 77
|o CABLE JACK
|p 6157
|r 2026-04-23 17:48:24
|s 2026-04-16
|t 3
|w 2024-09-06
|y DELEC
|
| 952 |
|
|
|0 0
|1 0
|4 0
|6 CABLE_JACK
|7 0
|9 99932
|a BS
|b BS
|c Referencia
|d 2024-09-06
|e Compra
|l 41
|o CABLE JACK
|p 6158
|r 2026-04-23 17:48:32
|s 2026-04-23
|t 4
|w 2024-09-06
|y DELEC
|
| 952 |
|
|
|0 0
|1 0
|4 0
|6 CABLE_JACK
|7 0
|9 99933
|a BC
|b BC
|c Reserva
|d 2024-09-06
|e Compra
|l 18
|o CABLE JACK
|p 6159
|r 2025-10-13 10:47:47
|s 2024-12-16
|t 1
|w 2024-09-06
|y DELEC
|
| 952 |
|
|
|0 0
|1 0
|4 0
|6 CABLE_JACK
|7 0
|9 99934
|a BC
|b BC
|c Reserva
|d 2024-09-06
|e Compra
|l 14
|o CABLE JACK
|p 6160
|r 2026-04-13 12:53:52
|s 2026-04-13
|t 2
|w 2024-09-06
|y DELEC
|
| 952 |
|
|
|0 0
|1 0
|4 0
|6 CABLE_JACK
|7 0
|9 99935
|a BC
|b BC
|c Reserva
|d 2024-09-06
|e Compra
|l 5
|o CABLE JACK
|p 6161
|r 2025-08-20 19:11:45
|s 2025-08-20
|t 3
|w 2024-09-06
|y DELEC
|
| 999 |
|
|
|c 62006
|d 62006
|